Movie Word Quintets VII Quiz Stats

Quiz Updated Jan 21, 2018

Challenge
Share
Tweet
Score 0/30 Timer 08:00
7 Plays Today
% Correct
A Nightmare on Elm Street
95%
Wall Street
92.7%
Kill Bill: Volume 1
92.5%
To Kill a Mockingbird
87.9%
A Beautiful Mind
86.4%
High Noon
84.5%
Kramer vs. Kramer
83.3%
Miracle on 34th Street
83%
AVP: Alien vs. Predator
82.3%
21 Jump Street
80.5%
Jack Reacher
75.3%
Scott Pilgrim vs. the World
67.9%
High Fidelity
67.8%
Eagle vs Shark
56.6%
Jack Frost
55.3%
% Correct
Life Is Beautiful
54.3%
Fast Times at Ridgemont High
49.2%
New Jack City
43.7%
A Time to Kill
43.2%
A View to a Kill
41%
High Plains Drifter
39.4%
Jack Ryan: Shadow Recruit
30.8%
How High
22.1%
Beautiful Creatures
20.3%
Tucker & Dale vs. Evil
19.3%
Crazy/Beautiful
17.7%
Beautiful Girls
15.1%
Sing Street
14.8%
Jack the Giant Slayer
13.9%
Dressed to Kill
13.6%

You're not logged in!

Compare scores with friends on all Sporcle quizzes.
Join for Free
OR
Log In

You Might Also Like...

Show Comments

Extras

Top Quizzes Today


Score Distribution

Your Account Isn't Verified!

In order to create a playlist on Sporcle, you need to verify the email address you used during registration. Go to your Sporcle Settings to finish the process.

Report this User

Report this user for behavior that violates our Community Guidelines.

Details: